• 首页
  • 本馆介绍
  • 公告通知
  • 最新文献
  • 馆藏检索
  • 电子资源
  • 读者导购
  • 参考咨询
  • 我的图书馆
  • 登录
  • 详细信息显示
  • 放入我的书架
  • 预约/预借图书
  • 作者相关作品
  • 分类相关作品
  • 丛书相关作品
  • 出版社相关作品

书目信息

  • 表格格式
  • 工作单格式
  • 卡片格式
题名:
金属轧制工
    
 
作者: 李伟 主编
分册:  
出版信息: 北京   建材  2010.11
页数: 500页
开本: 24cm
丛书名: 国家职业资格培训教程
单 册:
中图分类: TG335
科图分类:
主题词:
电子资源:
ISBN: 978-7-80227-860-8
000 01037nam0 2200229 450
001 3509
005 20160926154005.50
010    @a978-7-80227-860-8@b平装@dCNY77.00
092    @aCN@b0002912106
100    @a20101021d2010 em y0chiy0110 ea
101 0  @achi
105    @ay z 000yy
200 1  @a金属轧制工@9jin shu zha zhi gong@f李伟主编
210    @a北京@c建材@d2010.11
215    @a500页@d24cm
225 2  @a国家职业资格培训教程@9guo jia zhi ye zi ge pei xun jiao cheng
330    @a本书主要是根据《有色金属行业职业技能鉴定标准——金属轧制工》的要求进行编写的,分初级工、中级工、高级工、技师、高级技师5个部分。每个部分分章、节,每章、节对应《标准》中的“职业功能”、“工作内容”,每节较详细介绍了相对应的轧制技能要求所需要的相关知识,重点介绍了铝及铝合金、铜及铜合金两种有色金属的轧制,主要对有色金属的热轧、冷轧、箔轧、管材轧制的轧制技能及相关知识进行了介绍。
461  0 @12001 @a国家职业资格培训教程
690    @aTG335@v4
701  0 @a李伟@9li wei@4主编
801  0 @aCN@b唐山师范学院图书馆@c20151001
905    @aZUCC@dTG335@e13
    
    金属轧制工/李伟主编.-北京:建材,2010.11
    500页;24cm.-(国家职业资格培训教程)
    
    
    ISBN 978-7-80227-860-8(平装):CNY77.00
    本书主要是根据《有色金属行业职业技能鉴定标准——金属轧制工》的要求进行编写的,分初级工、中级工、高级工、技师、高级技师5个部分。每个部分分章、节,每章、节对应《标准》中的“职业功能”、“工作内容”,每节较详细介绍了相对应的轧制技能要求所需要的相关知识,重点介绍了铝及铝合金、铜及铜合金两种有色金属的轧制,主要对有色金属的热轧、冷轧、箔轧、管材轧制的轧制技能及相关知识进行了介绍。
●
相关链接 在E读中查询图书 在五车中查询图书 在当当中查询图书 在豆瓣中查询图书


正题名:金属轧制工     索取号:TG335/13         预约/预借

序号 登录号 条形码 馆藏地/架位号 状态 备注
1 905396   209053968   第二样本阅览室/ [索取号:TG335/13] 在馆    
2 905397   209053977   第三借阅区/ [索取号:TG335/13] 在馆    
3 905398   209053986   第三借阅区/ [索取号:TG335/13] 在馆    
唐山师范学院图书馆 欢迎您!
大连网信软件有限公司© 版权所有